000 00205nam a22001097a 4500
100 _aRohit
245 _aBusiness studies XII
250 _a2013
260 _bRohit Pub.
300 _a98
942 _2ddc
_cBK
999 _c12927
_d12927